00785nam a22002175i 4500001000700000003000900007005001700016008004100033080000700074100004300081245005500124250001200179260005100191300002100242490003100263650003100294830003700325852006300362999001900425952012300444168876ES-MaACL20260525062936.0080618s1950 ag |||| | spa d a271 aUnamuno, Miguel de,d1864-1936911198213aLa agonía del cristianismo /cMiguel de Unamuno. a3ª ed. aBuenos Aires :bEspasa-Calpe Argentina,c1950. a145 p. ;c18 cm.1 aColección austral ;v31217aCristianismo2embne9114251 aColección australv3129177655 aES-MaACLjE-12209z- Biblioteca Jacinto Martínez Lacalle c168876d168876 00104070aATENEOMbATENEOMcDEPO2d2008-06-18eDONl0oE-12209p1177230r2023-02-23 00:00:00w2023-02-23yMONOGRAFIA